| 000 | 00437 a2200145 4500 | ||
|---|---|---|---|
| 003 | Nust | ||
| 005 | 20170207154038.0 | ||
| 040 | _cNust | ||
| 100 | _aEduard Babkin | ||
| 245 |
_aUbiquitous Computing (E-Book) _cEduard Babkin |
||
| 260 |
_aIndia _bInTech _c© 2011 |
||
| 300 | _a260p; | ||
| 505 | _aPART-1: Foundations 1 PART-2: Privacy and Security 111 PART-3: Integration Middleware 149 PART-4: Practical Applications 197 | ||
| 651 | _a(E-Book) | ||
| 942 |
_2ddc _cBK |
||
| 999 |
_c192477 _d192477 |
||